000
00213 a2200097 4500
001
49610
100
_a
Carnegie
245
_a
The Quick essay way to
260
_a
N Yoor
_b
Pockets book n
_c
090
_c
32129
_d
32129
942
_a
NUST-CAE
_c
M
_c
24591
999
_c
284683
_d
284683